| 000 | 00539nam a2200181Ia 4500 | ||
|---|---|---|---|
| 008 | 240925s9999 xx 000 0 und d | ||
| 020 | _a9780070616094 | ||
| 082 | _a515.35 SIM | ||
| 100 | _aSimmons, George F. | ||
| 245 | 0 | _aDifferential Equations: theory, technique, and practice | |
| 250 | _aNA | ||
| 260 |
_aNew Delhi: _bMcGraw Hill Education (India) Private Limited _c,2007. |
||
| 300 |
_aVarious pages _b0 _fOriginal |
||
| 500 | _aIncludes Index | ||
| 600 | _aHumanities & Natural Science | ||
| 650 | _aMathematics | ||
| 942 | _cBK | ||
| 999 |
_c16890 _d16890 |
||